Регионална библиотека "Любен Каравелов" - Русе

Того (Запис номер 458718)

MARC детайли
000 -Лидер
Контролно поле с фиксирана дължина nam a22 a 4500
003 - Код на организацията, давaща контролен номер
Контролно поле BLK
005 - Дата и час на последна редакция
Контролно поле 20220601110954.0
008 - Елементи от данни с фиксирана дължина
fixed length control field 220601b bu |||||r|||| 00| | bu d
040 ## - Източник на каталожния запис
Идентификатор на билиотеката - собственик на записа BLK
041 ## - Код за език
Код за езика на текст/звукозапис или на отделно заглавие Български
Код за езика КДБФ Български
080 ## - УДК
Текстов определител УДК Политика
УДК код - определител по УДК 32
УДК определител (668.1)
УДК - код + определител 32(668.1)
080 ## - УДК
Текстов определител УДК География
УДК код - определител по УДК 91
УДК определител (668.1)
УДК - код + определител 91(668.1)
100 ## - Редна дума - Автор
R(LIN) 260111
Автор Филипов, Димитър Владимиров
Авторска отговорност първи автор
139 ## - Редно поле
Редна дума Филипов, Димитър Владимиров
245 ## - Сведения за заглавието
Заглавие Того
Подзаглавни данни [Полит.-геогр. очерк]
Редно поле (дума) Димитър Филипов
260 ## - Област на издателските данни
9 (RLIN) 216848
Място на издаване, разпространение и проч. София
Име на издателя, разпространителя и проч. НС ОФ
Година на издаване 1966
300 ## - Физическа характеристика
Страници 79 с.
Илюстрации и др. с ил.
Размери/Мащаб 25 см
380 ## - Жанр
Жанр Обществени науки
490 ## - СЕРИИ (Колекции)
9 (RLIN) 205134
Име на серия Поредица Пред новата карта на света
№: серия 4 - [5]
500 ## - Общи забележки
Забележка В кн. поредният N на серията означен 4<br/>6 000 тир
651 #7 - Допълнително описание по предмет - топоним
9 (RLIN) 179662
Географско понятие Того
852 ## - Местоположение
Форматна сигнатура Цб 38861
Фондова буква Хранилище
999 ## - СИСТЕМНИ КОНТРОЛНИ НОМЕРА
Koha biblionumber 458718
Koha biblioitemnumber 458718
942 ## - АРТИКУЛИ
Вид на библиотечния материал Книги
Скрит в OPAC Не
Периодичен библиозапис Да
944 ## - СЪЗДАВАНЕ И РЕДАКЦИЯ на ЗАПИСА
Създаване/Редакция Създаване
Дата на регистрацията/редакция 2022-06-01
Служител, извършил регистрацията/редакцията Микаела Микова-Илиева
Статус, дата на статуса 2022-06-01
Наличности
Код за отписване Код за изгубен артикул Източник на класификационната схема Код за повреда Коз за рестрикции Код за отдаване Артикулен № Име на библиотеката - собственик Име на библиотеката, в която се намира в момента Статус (Текущо местоположение) Дата на вписване в системата Местоположение - отдел Цена в лева Инвентарен номер Систематично азбучна сигнатура Баркод Цена в евро Служебен тип на артикула
  Не е изгубен Universal Decimal Classification Не е повреден само за читалня ползва се в читалня 888956 Регионална библиотека "Любен Каравелов" Русе Регионална библиотека "Любен Каравелов" Русе Хранилище 2022-06-10 Хранилище 0.18 13243/66 Цб 38861 900000098203 0.09 Книги
Vip Innovations Ltd, Rousse, Bulgaria 2025